The economics of contracting; foundations, applications, and empirical investigations : (Record no. 4342)
[ view plain ]
| 000 -LEADER | |
|---|---|
| fixed length control field | 01193nac a22002771u 4500 |
| 010 ## - LIBRARY OF CONGRESS CONTROL NUMBER | |
| LC control number | 2007397133 |
| 020 ## - INTERNATIONAL STANDARD BOOK NUMBER | |
| International Standard Book Number | 2804149056 |
| 035 ## - SYSTEM CONTROL NUMBER | |
| System control number | (CStRLIN)CSUGA6746131-B |
| 082 00 - DEWEY DECIMAL CLASSIFICATION NUMBER | |
| Classification number | 338.5 |
| 090 ## - LOCALLY ASSIGNED LC-TYPE CALL NUMBER (OCLC); LOCAL CALL NUMBER (OCLC) | |
| -- | 4342 |
| -- | 4342 |
| 100 ## - MAIN ENTRY--PERSONAL NAME | |
| Personal name | 20080729 |
| 111 2# - MAIN ENTRY--MEETING NAME | |
| Meeting name or jurisdiction name as entry element | Francqui Colloquium |
| Date of meeting | 1999 : |
| Location of meeting | Brussels, Belgium) |
| 245 14 - TITLE STATEMENT | |
| Title | The economics of contracting; foundations, applications, and empirical investigations : |
| Remainder of title | proceedings of the Eigth [sic] Francqui Colloquium, Brussels, 19-21 November 1999 / |
| Statement of responsibility, etc | Mathias Dewatripont (ed.). |
| 250 ## - EDITION STATEMENT | |
| Edition statement | 1. eÌ?d. |
| 260 ## - PUBLICATION, DISTRIBUTION, ETC. (IMPRINT) | |
| Place of publication, distribution, etc | Bruxelles : |
| Name of publisher, distributor, etc | De Boeck, |
| Date of publication, distribution, etc | c2006. |
| 300 ## - PHYSICAL DESCRIPTION | |
| Extent | 557 p. : |
| Other physical details | ill. ; |
| Dimensions | 26 cm. |
| 490 1# - Series Statement | |
| Series statement | Bibliothèque scientifique Francqui, |
| International Standard Serial Number | 1374-0911 ; |
| Volume/sequential designation | 7 = |
| Series statement | Francqui scientific library ; |
| Volume/sequential designation | 7 |
| 504 ## - BIBLIOGRAPHY, ETC. NOTE | |
| Bibliography, etc | Includes bibliographical references. |
| 650 #0 - SUBJECT ADDED ENTRY--TOPICAL TERM | |
| Topical term or geographic name as entry element | Econometrics |
| Form subdivision | Congresses. |
| 650 #0 - SUBJECT ADDED ENTRY--TOPICAL TERM | |
| Topical term or geographic name as entry element | Contracts |
| Form subdivision | Congresses. |
| 650 #0 - SUBJECT ADDED ENTRY--TOPICAL TERM | |
| Topical term or geographic name as entry element | Microeconomics |
| Form subdivision | Congresses. |
| 700 1# - ADDED ENTRY--PERSONAL NAME | |
| Personal name | Dewatripont, M. [ed] |
| Fuller form of name | (Mathias) |
| 830 #0 - SERIES ADDED ENTRY--UNIFORM TITLE | |
| Uniform title | Francqui scientific library ; |
| 942 ## - ADDED ENTRY ELEMENTS (KOHA) | |
| Item type | Book - Borrowing |
| Call number prefix | 338.5 |
| Withdrawn status | Item status | Damaged status | Not for loan | Home library | Current library | Shelving location | Date acquired | Source of acquisition | Total Checkouts | Full call number | Barcode | Date last seen | Koha item type |
|---|---|---|---|---|---|---|---|---|---|---|---|---|---|
| Central Library | Central Library | First floor | 04/09/2007 | Purchase | 338.5 ECO | 000005295 | 15/07/2025 | Book - Borrowing |